Loading...
| Literature - American Literature | 0 | 3 | 0 | 1 | 30 | 113 | 120.67 | 0 | 0 |
| Science - Biology | 0 | 3 | 0 | 1 | 30 | 118 | 120.67 | 0 | 1 |
| History - American History | 0 | 3 | 0 | 0 | 30 | 62 | 74.33 | 0 | 1 |
| History - World History | 0 | 1 | 0 | 0 | 10 | 115 | 115.00 | 0 | 0 |
| Philosophy | 0 | 1 | 0 | 1 | 10 | 113 | 113.00 | 0 | 0 |
| Mythology | 0 | 1 | 0 | 0 | 10 | 114 | 114.00 | 0 | 0 |
| History - European History | 0 | 1 | 0 | 1 | 10 | 124 | 124.00 | 0 | 0 |
| Science - Physics | 0 | 1 | 0 | 0 | 10 | 65 | 65.00 | 0 | 1 |
| Social Science | 0 | 1 | 1 | 0 | 5 | 79 | 79.00 | 1 | 1 |
| Religion | 0 | 0 | 0 | 0 | 0 | 0.00 | 0 | 0 | |
| History - Other History | 0 | 0 | 0 | 0 | 0 | 0.00 | 0 | 0 | |
| Other Academic | 0 | 0 | 1 | 0 | -5 | 0.00 | 0 | 0 | |
| Literature - World Literature | 0 | 0 | 1 | 0 | -5 | 0.00 | 0 | 0 | |
| Fine Arts - Painting and Sculpture | 0 | 0 | 1 | 0 | -5 | 0.00 | 0 | 0 |